Travmaların gölgesinde : (Record no. 15323)

MARC details
000 -BAŞLIK
Sabit Uzunlukta Kontrol Alanı 00862nam a22002417a 4500
999 ## - SİSTEM KONTROL NUMARALARI (KOHA)
Koha Biblionumber 15323
Koha Biblioitemnumber 15323
003 - KONTROL NUMARASI IDENTIFIER
Denetim Alanı MIRAKIL
005 - SON İŞLEM TARİHİ VE ZAMANI
Denetim Alanı 20240208133942.0
008 - SABİT-BOY VERİ ELEMANLARI - GENEL BİLGİLER
Sabit Uzunlukta Kontrol Alanı 240208b tu ||||| |||| 00| 0 tur d
020 ## - ULUSLARARASI STANDART KİTAP NUMARASI
Uluslararası Standart Kitap Numarası 9789751040978
040 ## - KATALOGLAMA KAYNAK
Orijinal Kataloglama Ajansı TR-AnCHP
Metne Dönüştürmek Ajansı TR-AnCHP
041 ## - DİL KODU
Metin / Ses Parça Veya Ayrı Başlığın Dil Kodu Türkçe
082 ## - DEWEY ONLU SINIFLANDIRMA NUMARASI
Sınıflandırma Numarası 320.019
Ürün Numarası A64t 2020
090 ## - SINIFLAMA NUMARASI
Sınıflama Numarası 320.019 A64t 2020
100 1# - ANA GİRİŞ - KİŞİSEL İSİM
Kişisel Ad Arıboğan, Deniz Ülke
Bir Adıyla İlişkilendirilen Tarihler 1965-
245 10 - BAŞLIK TABLOSU
Başlık Travmaların gölgesinde :
Başlığın Kalan politik psikoloji /
Sorumluluk Tablosu, Vb editör: Deniz Ülke Arıboğan ; yayıma hazırlayan: Günnur Aksakal .
260 ## - YAYIN, DAĞITIM, VB
Yayın, Dağıtım, Vb Yeri İstanbul :
Yayıncı, Dağıtıcı, Vs Adı İnkılâp Kitabevi,
Yayın, Dağıtım, Vb Tarihi 2020.
300 ## - FİZİKSEL TANIM
Kapsam 390 sayfa ;
Boyutlar 21 cm.
504 ## - KAYNAKÇA VB NOT
Kaynakça Vb Notu Kaynakça (sayfa 380-383) ve dizin var.<br/>
650 #0 - KONU KATMA GİRİŞ - TOPİKAL DÖNEM
9 (RLIN) 7488
Topikal Süreli Veya Coğrafi Ad Giriş Elemanı Siyasi psikoloji
650 #0 - KONU KATMA GİRİŞ - TOPİKAL DÖNEM
9 (RLIN) 5084
Topikal Süreli Veya Coğrafi Ad Giriş Elemanı Siyaset Bilimi
Genel Alt Bölümü psikoloji
856 ## - ELEKTRONİK YER VE ERİŞİM
Kamu Notu Dijital Nüshası için Partimizin Kütüphane Sorumlusu ile iletişime geçiniz.
942 ## - EKLENDİ GİRİŞ ELEMANLARI (KOHA)
Sınıflandırma Veya Raf Düzeni Kaynak Dewey Decimal Classification
Koha Öğesi Türü Books
Holdings
Kalıcı Konum Mevcut Konum Edinme Tarihi Toplam Check-Out'Lar Tam Çağrı Numarası Barkod Tarih Son Görülme İtibaren Geçerli Fiyatlar Koha Öğesi Türü
CHP Kütüphanesi CHP Kütüphanesi 02/08/2024   320.019 A64t 2020 20912 02/08/2024 02/08/2024 Books